000 00686nam a2200181Ia 4500
008 090124s9999 xx 000 0 und d
082 _b101476
100 _aगोंधळेकर शं.भा.
245 _a मोठ्या लोकांच्या छोट्या गोष्टी
250 _a1
260 _c1937
300 _a64
600 _aगोंधळेकर शं.भा.
630 _a मोठ्या लोकांच्या छोट्या गोष्टी
700 _aगोंधळेकर शं.भा.
730 _a मोठ्या लोकांच्या छोट्या गोष्टी
942 _cBOOK
999 _c147568
_d147568